| 000 | 00616nam a22001937a 4500 | ||
|---|---|---|---|
| 005 | 20160831155954.0 | ||
| 010 | _aENG-115880 | ||
| 020 |
_a9789385676208 _c275.00 |
||
| 035 | _aEN-99412 | ||
| 037 | _bDBAD/PUB | ||
| 082 | _a488.24 | ||
| 100 | _dVerma,Shalini | ||
| 245 |
_aS.Chand's common errors in english : _bfor all national and state-level competitions / _cby Shalni Verma [and] Reetesh Anand |
||
| 260 |
_aNew Delhi _bS.Chand & Company _c2016 |
||
| 270 |
_a7361,Ram Nagar _bNew Delhi _e110055 |
||
| 300 |
_a420p. _c24cm(pbk) |
||
| 700 | _aAnand,Reetesh | ||
| 942 |
_2ddc _cEN _h488.24 _mVER |
||
| 999 |
_c102937 _d102937 |
||